Most Popular Slang - by Year you were born 1926-2006 - Statistics

General Stats
  • This quiz has been taken 1,190 times
  • The average score is 10 of 82
Answer Stats
Slang The Year? % Correct
Whatever 1996
71%
HELLA 2002
42%
COOL 1955
39%
WHASSUP? (Griffy Jr. & Williams) 2000
35%
NUKE 1958
32%
RADNESS 1985
32%
Fannie Mae 1948
29%
Freak Flag (Jimi Hendrix) 1967
26%
DEADHEADS 1970
26%
PHAT 1998
26%
PEEPS 2003
26%
GRODY 1965
23%
AS IF 1995
23%
Booksy (Reader) 1930
19%
F-BOMB 1988
19%
NOT 1992
19%
FO SHIZZLE/FO Sheezy 2005
19%
HIPPIE 1953
16%
KEGGER 1966
16%
DETOX 1975
16%
PIG OUT 1978
16%
DA Bomb 1993
16%
JIGGY 1997
16%
IT GIRL 1927
13%
Balony 1928
13%
IT BOY (Handsome Boy 1929
13%
GRAMPS 1935
13%
DUH 1943
13%
Beautiful People 1950
13%
BIPPY (GOLDIE HAWN) 1968
13%
Guilt Trip 1972
13%
Frizzy 1980
13%
Couch Surfing 1987
13%
BLING 1999
13%
SICK 2006
13%
GUNKY 1937
10%
BAD-MOUTHING 1939
10%
BABY BLUES 1940
10%
HYPER 1942
10%
ARTSY 1947
10%
OUT OF SIGHT 1969
10%
DORKY 1970
10%
Chill Pill 1981
10%
KEWL 1990
10%
Benjamins 1994
10%
MUFFIN TOP 2004
10%
Snazzy 1931
6%
BINGO 1936
6%
Cheese as in Cheesed off 1946
6%
NERD 1951
6%
Divey as in Dive Bar 1952
6%
HOT-DOG 1959
6%
MICKEY MOUSE 1963
6%
AW SHUCKS 1964
6%
CARBO 1973
6%
MOTORHEAD 1974
6%
BUFF 1982
6%
BEAT Box 1983
6%
TRASH TALKING (Gary Payton) 1989
6%
WHALE TAIL 2001
6%
Gold-Dig 1926
3%
SNAZZY 1931
3%
DREAMBOAT 1941
3%
TAG Along 1944
3%
DUH 1945
3%
Boonies 1954
3%
ENDSVILLE 1957
3%
DULLSVILLE 1960
3%
BRATTY 1961
3%
BREWSKI 1977
3%
Major 1984
3%
STUDMUFFIN 1986
3%
Tighty Whiteys 1991
3%
BURP 1932
0%
BEERED UP 1933
0%
BOFFO 1934
0%
FAVE 1938
0%
JET SET 1949
0%
NIT-Picker 1956
0%
Drop Dead 1962
0%
HARDBALL 1976
0%
NOSTALGIA FEST 1979
0%
No matching quizzes found
Score Distribution
Percent of People with Each Score
Percentile by Number Answered
Your Score History
You have not taken this quiz